| 000 | nam a22 7a 4500 | ||
|---|---|---|---|
| 999 |
_c232490 _d232490 |
||
| 003 | Nust | ||
| 005 | 20170220092730.0 | ||
| 008 | 170220b xxu||||| |||| 00| 0 eng d | ||
| 020 |
_a978052184568 _cAvailable |
||
| 040 |
_aDLC _bDLC _cRCMS |
||
| 082 | _a623.8FAL | ||
| 100 | _aFaltinsen Odd M. | ||
| 245 |
_aHydrodynamics of High -Speed Marine Vehicles _cFaltinsen Odd M. |
||
| 260 |
_aUK _bCambridge University Press _cc2005 |
||
| 300 |
_axix, 4154 p. : _bill. ; _c26 cm. |
||
| 650 | _aHigh Speed Marin Vehicles | ||
| 856 |
_3Table of contents only _uhttp://www.loc.gov/catdir/toc/ecip0716/2007017469.html |
||
| 942 |
_2ddc _cBK |
||